000 00390nam a2200145Ia 4500
008 230411s9999 xx 000 0 und d
020 _a81-315-0138-8
041 _aeng
082 _aPY/150/BAR/DUR/B05900
100 _aBarlow David & Durand Mark
_9178758
245 _aAbnormal Psychology
260 _bThomson Wadsworth
_aAustralia
_c2005
300 _a562p
999 _c156366
_d156366